| 000 | 01192cam a2200301 a 4500 | ||
|---|---|---|---|
| 001 | 17345902 | ||
| 003 | ARRUPE | ||
| 005 | 20131106170420.0 | ||
| 008 | 120614s2012 za ab b 000 0deng | ||
| 010 | _a 2012310019 | ||
| 020 | _a9789982030533 | ||
| 040 |
_aDLC _cDLC _dDLC |
||
| 042 |
_alcode _apcc |
||
| 043 | _af-za--- | ||
| 050 | 0 | 0 |
_aDT3119 _b.M836 2012 |
| 100 | 1 |
_aMumba, Goodwin Yoram, _d1938- _93431 |
|
| 245 | 1 | 4 |
_aThe 1980 coup : _btribulations of the one-party state in Zambia / _cby Goodwin Yoram Mumba. |
| 260 |
_aLusaka, Zambia : _bUNZA Press, _cc2012. |
||
| 300 |
_aix, 221 p. : _bill., map ; _c21 cm. |
||
| 504 | _aIncludes bibliographical references (p. 211). | ||
| 600 | 1 | 0 |
_aMumba, Goodwin Yoram, _d1938- _93432 |
| 651 | 0 |
_aZambia _xHistory _yAttempted coup, 1980 _vPersonal narratives. _93433 |
|
| 651 | 0 |
_aZambia _xPolitics and government _y1964-1991. _93434 |
|
| 856 | 4 | 1 |
_3Table of contents only _uhttp://www.loc.gov/catdir/toc/fy13pdf02/2012310019.html |
| 906 |
_a7 _bcbc _corigode _d3 _encip _f20 _gy-gencatlg |
||
| 942 |
_2lcc _cMONOGRAPH |
||
| 999 |
_c118562 _d118562 |
||